00879nam a22001937a 4500003000900000008004100009040007100050082001600121110006800137245005100205260005300256300006600309440004200375505019700417650001000614650002300624650001900647700001900666AR-CdUCM190319b ||||| |||| 00| 0 spa d aMUNICIPALIDAD PROVINCIAL DEL CUSCOcBIBLIOTECA MUNICIPAL DEL CUSCO a709 /bUN57 aUnited Nations Eduational, Scientific and Cultural Organization aPinturas cingalesas en templos y santuarios / aMéxico-Buenos Aires bEditorial Hermes,c1964. a28 páginas ;bIlustraciones en color, desplegables c17 cm. aUnesco-Hermes Bolsilibros de Arten11 aContenido : Texto de D. B. Dhanapala -- Figura femenina saliendo de una nube . Lleva en sus manos flores de sapu -- Dos figuras femeninas saliendo de las nubes -- Fresco de Peña de Sigiri... aArte  aHistoria del arte  aArte cingales  aD.B. Dhanapala